| 000 | 01252mam a2200229 4500 | ||
|---|---|---|---|
| 082 |
_a940.40947 _bGOL |
||
| 100 | 1 |
_aGolovin, N. N. _950409 |
|
| 245 | 1 | 4 |
_aThe Russian campaign of 1914; _bthe beginning of the war and operations in East Prussia, _cby Nicholas N. Golovine. Pref. by Marshal Foch. English ed. rev. and brought up to date by the author. (With maps and diagrams) Translated by A.G.S. Muntz. |
| 260 |
_aFort Leavenworth, Kan., _bThe Command and General Staff School Press, _c1933. |
||
| 300 |
_axxi, 410 p. _bfold. maps, fold. diagr. _c24cm. |
||
| 500 | _aMaps and diagram in pocket at end. | ||
| 505 | 0 | _apt. I. The beginning of the war.--pt. II. The first operations in East Prussia. | |
| 526 |
_a0 _b0 _c0 _d940_409470000000000_GOL |
||
| 590 | _aRare Book copy: From Nikolaev collection, Bakhmeteff Archive. | ||
| 590 | _aRare book copy: Loose material from this title removed and added to BAR Ms Coll/SEEC. | ||
| 650 | 0 |
_aMCE _9379 |
|
| 650 | 0 |
_aTannenberg, Battle of, Stębark, Poland, 1914. _950410 |
|
| 650 | 0 |
_aWorld War, 1914-1918 _xCampaigns _zEastern Front. _950411 |
|
| 650 | 0 |
_aWorld War, 1914-1918 _zPrussia, East (Poland and Russia) _zGumbinnen. _950412 |
|
| 700 | 1 |
_aMuntz, Arthur Godfrey Stephens, _950413 |
|
| 942 |
_2ddc _cBK |
||
| 999 |
_c553140 _d553140 |
||